| 000 | 00648nam a2200253 4500 | ||
|---|---|---|---|
| 001 | 2054 | ||
| 010 | _a9789892365152 | ||
| 021 |
_aPT _b543716/25 |
||
| 090 | _a2054 | ||
| 100 | _a20260212d2025 m||y0pory50030103ba | ||
| 101 | _apor | ||
| 102 | _aPT | ||
| 200 |
_aQueridos filhos! _fEduardo Sá |
||
| 205 | _a1ª edição | ||
| 210 |
_aAlfragide _cLua de Papel _d2025 |
||
| 215 |
_a255, [1] p. _d24 cm |
||
| 225 | _aIdeia luminosa | ||
| 300 | _aBMB-Registado | ||
| 606 |
_91439 _aRelações Sociais |
||
| 606 |
_92385 _aRelações interpessoais |
||
| 675 |
_a316.47 _vBMB _zpor |
||
| 700 |
_aSá _bEduardo _f1962- _92708 |
||
| 801 |
_aPT _bBMB _gRPC |
||
| 990 | _cLIVROS | ||